000 00808nam a2200229Ia 4500
003 GCL
008 140319s9999 xx 000 0 ara d
040 _aGCL /
_cGCL
082 0 4 _a364.151
_bك ا
100 1 _aفاطمة نصر
245 1 0 _aالابادة - شارون ومملكة إسرائيل العظمى /
_cفاطمة نصر
700 1 _aكمرلينج، باروخ
250 _aالاولى
260 _aالقاهرة :
_bسطور ،
_c2003
300 _a242 ص ؛
_c24 سم
490 _aاسرائيليون يحاكمون دولتهم
_v2
650 0 4 _aالجرائم السياسية
650 0 4 _aالحروب العربية الاسرائيلية
650 0 4 _aجرائم ضد الانسانية
650 0 4 _aاسرائيل - الاحوال السياسية
942 _2ddc
_cBK
999 _c6521
_d6521